Catalog

Record Details

Catalog Search



Je Bible slovem Božím? : několik slov k diskusi Cover Image Book Book

Je Bible slovem Božím? : několik slov k diskusi F. Dostál

Record details

  • Physical Description: 20 s.
  • Edition: 1. vyd.
  • Publisher: Brno František Dostál 1925

Available copies

  • 1 of 1 copy available at Common Catalog SPOK.

Holds

  • 0 current holds with 1 total copy.
Show Only Available Copies
Location Call Number / Copy Notes Barcode Shelving Location Status Due Date
ETS Library 220.1 424470008687 Volný výběr Available -

LDR 00633nam a2 00241
00135951
003CZ-PrJAB
00520040319000000.0
008010115s1925 xr e |||| |cze
009cz
035 . ‡a(CONS)4494
035 . ‡aKPS7946
040 . ‡aABG450
041 . ‡acze
08214. ‡a220.1
100 . ‡72349 ‡aDostál, František
245 . ‡aJe Bible slovem Božím? : ‡bněkolik slov k diskusi ‡cF. Dostál
250 . ‡a1. vyd.
260 . ‡aBrno ‡bFrantišek Dostál ‡c1925
300 . ‡a20 s.
653 . ‡aJe Bible slovem Božím
8524 . ‡bETS ‡bETS ‡cVolný výběr ‡j220.1 ‡gA ‡p424470008687
910 . ‡aABG450
999 . ‡a4494 ‡bAUTOGEN ‡c4494 ‡tbiblio
905 . ‡uadmin
901 . ‡a35951 ‡b ‡c35951 ‡tbiblio ‡sets

Additional Resources